000 00586nam a2200181 i 4500
001 135561
003 ES-MaACL
005 20240214203107.0
007 t|
008 070719s1923 sp ||||1| spa d
100 1 _aTorre Blanco, José de.
_9110767
245 1 0 _aEmbarazo extrauterino /
_cJosé Torre Blanco ; con un prólogo de Sebastián Recasens.
260 _aMadrid :
_b[Talleres Poligráficos],
_c1923.
300 _aXXIII, 179 p. ;
_c22 cm.
700 1 _aRecasens y Girol, Sebastián,
_d1863-1933
_995752
852 _aES-MaACL
_jB-11221
999 _c135561
_d135561